Pokémon - Les attaques de Marcacrin - Statistiques

Statistiques générales
  • Ce quiz a été pris 17 fois
  • Le résultat moyen est 8 sur 12
Statistiques - réponses
Niveaux Types Noms des attaques % Correct
Départ Normal Charge
100%
Niveau 40 Normal Bélier
80%
Niveau 50 Glace Blizzard
80%
Niveau 5 Glace Poudreuse
80%
Niveau 45 Sol Séisme
80%
Départ Sol Coud'Boue
70%
Niveau 15 Glace Éclats Glace
70%
Niveau 30 Glace Vent Glace
70%
Niveau 20 Glace Brume
60%
Niveau 35 Psy Amnésie
50%
Niveau 25 Normal Ténacité
40%
Niveau 10 Normal Gigotage
30%
Aucun quiz correspondant
Distribution des résultats
% des personnes avec chaque résultat
Percentile par nombre de réponses
Votre historique - résultats
Vous n’avez pas pris ce quiz